UEFA Euro 2016 Results - Statistics

General Stats
  • This quiz has been taken 4,035 times
  • The average score is 21 of 24
Answers on the Map
Answers color-coded by a green-red scale on the quiz's map according to % correct below.
 
Answer Stats
Answer % Correct
France
100%
Portugal
99%
Germany
96%
England
95%
Italy
94%
Spain
94%
Belgium
92%
Wales
92%
Poland
89%
Sweden
89%
Switzerland
88%
Croatia
87%
Iceland
87%
Russia
87%
Ireland
85%
Hungary
84%
Austria
83%
Ukraine
82%
Slovakia
80%
Romania
78%
Turkey
78%
Albania
76%
Czech Republic
71%
Northern Ireland
65%
No matching quizzes found
Score Distribution
Percent of People with Each Score
Percentile by Number Answered
Your Score History
You have not taken this quiz